<?xml version="1.0" encoding="UTF-8"?>
<record
    xmlns:xsi="http://www.w3.org/2001/XMLSchema-instance"
    xsi:schemaLocation="http://www.loc.gov/MARC21/slim http://www.loc.gov/standards/marcxml/schema/MARC21slim.xsd"
    xmlns="http://www.loc.gov/MARC21/slim">

  <leader>01276nam a22002897a 4500</leader>
  <datafield tag="999" ind1=" " ind2=" ">
    <subfield code="c">21669</subfield>
    <subfield code="d">21669</subfield>
  </datafield>
  <controlfield tag="003">AR-CdUCM</controlfield>
  <controlfield tag="008">190405b           ||||| |||| 00| 0 spa d</controlfield>
  <datafield tag="040" ind1=" " ind2=" ">
    <subfield code="a">MUNICIPALIDAD PROVINCIAL DEL CUSCO</subfield>
    <subfield code="c">BIBLIOTECA MUNICIPAL DEL CUSCO</subfield>
  </datafield>
  <datafield tag="082" ind1=" " ind2=" ">
    <subfield code="a">394.5/H83</subfield>
    <subfield code="b">H83</subfield>
    <subfield code="2">1a ed.</subfield>
  </datafield>
  <datafield tag="100" ind1=" " ind2=" ">
    <subfield code="a">Huaman&#xED; Rodr&#xED;guez, Gary Indrid</subfield>
  </datafield>
  <datafield tag="245" ind1=" " ind2=" ">
    <subfield code="a">Mamacha del Carmen de Paucartambo :</subfield>
    <subfield code="b">celebrando nuestra fe, viviendo nuestra tradici&#xF3;n /</subfield>
    <subfield code="c">[textos, Gary Ingrid Huaman&#xED; Rodr&#xED;guez ; entrevistas, Jorge Acurio Palma, Daniel Alfredo Castro Ocampo, Alexis Castro Ocampo ; fotograf&#xED;a, Daniel Alfredo Castro Ocampo].</subfield>
  </datafield>
  <datafield tag="260" ind1=" " ind2=" ">
    <subfield code="a">Cusco :</subfield>
    <subfield code="b">Caja Municipal de Ahorros y Cr&#xE9;dito Cusco,</subfield>
    <subfield code="c">2014.</subfield>
  </datafield>
  <datafield tag="300" ind1=" " ind2=" ">
    <subfield code="a">149, [5] p&#xE1;ginas. :</subfield>
    <subfield code="b">il. (principalmente col.) ;</subfield>
    <subfield code="c">25 x 31 cm.</subfield>
  </datafield>
  <datafield tag="500" ind1=" " ind2=" ">
    <subfield code="z">Bibliograf&#xED;a: p. [153]</subfield>
  </datafield>
  <datafield tag="650" ind1=" " ind2=" ">
    <subfield code="a">Festividades religiosas</subfield>
    <subfield code="9">13420</subfield>
  </datafield>
  <datafield tag="650" ind1=" " ind2=" ">
    <subfield code="a">Folclore</subfield>
    <subfield code="9">3233</subfield>
  </datafield>
  <datafield tag="650" ind1=" " ind2=" ">
    <subfield code="a">Vida y costumbres sociales</subfield>
    <subfield code="9">857</subfield>
  </datafield>
  <datafield tag="650" ind1=" " ind2=" ">
    <subfield code="a">Libros de l&#xE1;minas</subfield>
    <subfield code="9">45739</subfield>
  </datafield>
  <datafield tag="650" ind1=" " ind2=" ">
    <subfield code="a">Costumbres</subfield>
    <subfield code="9">230</subfield>
  </datafield>
  <datafield tag="650" ind1=" " ind2=" ">
    <subfield code="a">Festividades</subfield>
    <subfield code="9">29667</subfield>
  </datafield>
  <datafield tag="650" ind1=" " ind2=" ">
    <subfield code="a">Paucartambo</subfield>
    <subfield code="9">6539</subfield>
  </datafield>
  <datafield tag="700" ind1=" " ind2=" ">
    <subfield code="a">Acurio Palma, Jorge</subfield>
    <subfield code="9">45740</subfield>
  </datafield>
  <datafield tag="700" ind1=" " ind2=" ">
    <subfield code="a">Castro Ocampo, Daniel Alfredo (fot&#xF3;grafo)</subfield>
    <subfield code="9">45741</subfield>
  </datafield>
  <datafield tag="710" ind1=" " ind2=" ">
    <subfield code="a">Caja Municipal de Ahorro y Cr&#xE9;dito Cusco</subfield>
    <subfield code="9">45737</subfield>
  </datafield>
  <datafield tag="942" ind1=" " ind2=" ">
    <subfield code="2">ddc</subfield>
    <subfield code="c">LIBROS</subfield>
  </datafield>
  <datafield tag="945" ind1=" " ind2=" ">
    <subfield code="a">r.a.c</subfield>
  </datafield>
  <datafield tag="952" ind1=" " ind2=" ">
    <subfield code="0">0</subfield>
    <subfield code="2">ddc</subfield>
    <subfield code="4">0</subfield>
    <subfield code="7">0</subfield>
    <subfield code="a">SH</subfield>
    <subfield code="b">SH</subfield>
    <subfield code="c">CART</subfield>
    <subfield code="d">2021-01-18</subfield>
    <subfield code="g">50.00</subfield>
    <subfield code="o">394.5/H83</subfield>
    <subfield code="p">SH0000016150</subfield>
    <subfield code="r">2021-01-18</subfield>
    <subfield code="y">LIBROS</subfield>
  </datafield>
</record>
